[Event "X Festival Sant'Anna A"]
[Site "Pisignano - Vernole ITA"]
[Date "2007.08.11"]
[Round "7"]
[White "Bernabei, Alberto"]
[Black "Altini, Nicola"]
[Result "0-1"]
[WhiteElo "1998"]
[BlackElo "1939"]
[PlyCount "74"]
[EventDate "2007.08.07"]

1. Nf3 Nf6 2. g3 g6 3. Bg2 Bg7 4. O-O O-O 5. d3 d5 6. Nbd2 c5 7. e4 e6 8. Re1
Nc6 9. c3 Rb8 10. e5 Nd7 11. d4 b5 12. a3 a5 13. Nf1 a4 14. Bg5 Qc7 15. Qd2 Na5
16. Qf4 Re8 17. Bh6 Qd8 18. Bxg7 Kxg7 19. Ne3 cxd4 20. cxd4 h6 21. h4 Nb3 22.
Rad1 Ba6 23. Ng4 Rh8 24. Nd2 Na5 25. Bxd5 exd5 26. e6 Nf6 27. e7 Qb6 28. Nxf6
Qxf6 29. Qc7 Nc4 30. Nxc4 bxc4 31. Re5 Rxb2 32. f4 Rb7 33. Qc5 Re8 34. Rde1 c3
35. Qxc3 Rexe7 36. Qc5 Rxe5 37. dxe5 Qb6 0-1

[Event "X Festival Sant'Anna A"]
[Site "Pisignano - Vernole ITA"]
[Date "2007.08.11"]
[Round "7"]
[White "Bruno, Fabio"]
[Black "D'Orta, Antonio"]
[Result "1-0"]
[WhiteElo "2443"]
[BlackElo "1741"]
[PlyCount "79"]
[EventDate "2007.08.07"]

1. d4 Nc6 2. Nf3 e6 3. g3 d5 4. Bg2 Nf6 5. O-O Be7 6. b3 b6 7. Bb2 Bb7 8. c4
Na5 9. cxd5 Bxd5 10. Nc3 Bb7 11. Qc2 O-O 12. Rad1 Rc8 13. e4 h6 14. d5 exd5 15.
Nh4 c5 16. exd5 Ne8 17. d6 Bxh4 18. d7 Bxg2 19. dxc8=Q Qxc8 20. Kxg2 Qc6+ 21.
Qe4 Bf6 22. Nd5 Qe6 23. Nxf6+ Nxf6 24. Qxe6 fxe6 25. Rfe1 Kf7 26. Bxf6 Kxf6 27.
Rd6 Re8 28. f4 g6 29. Kf3 Nb7 30. Rd7 Nd8 31. Rxa7 Nc6 32. Rb7 Nd4+ 33. Ke4 Ra8
34. g4 Rxa2 35. h4 e5 36. fxe5+ Ke6 37. Rxb6+ Ke7 38. Kd5 Rb2 39. Rb7+ Ke8 40.
Ra1 1-0

[Event "X Festival Sant'Anna A"]
[Site "Pisignano - Vernole ITA"]
[Date "2007.08.11"]
[Round "7"]
[White "De Leon Cultri Fascetti, Angelo"]
[Black "Rotelli, Pietro"]
[Result "1-0"]
[WhiteElo "2010"]
[BlackElo "1978"]
[PlyCount "99"]
[EventDate "2007.08.07"]

1. d4 d5 2. c4 c6 3. Nf3 Nf6 4. Nc3 e6 5. Bg5 Nbd7 6. e3 Qa5 7. Nd2 Bb4 8. Bxf6
Nxf6 9. Qc2 O-O 10. Bd3 a6 11. O-O b5 12. cxd5 cxd5 13. Nb3 Qd8 14. a4 Bxc3 15.
Qxc3 Bd7 16. a5 Qe7 17. Qc5 Rfe8 18. Rac1 g6 19. Rc2 Kf8 20. Rfc1 Rec8 21.
Qxe7+ Kxe7 22. Nc5 Rc6 23. Kf1 Ra7 24. Ke2 Bc8 25. h3 h5 26. Kd2 Rac7 27. Kc3
Ne4+ 28. Bxe4 dxe4 29. Kb4 f5 30. Rc3 Kd6 31. h4 Kd5 32. Nb3 Rxc3 33. Rxc3 Rxc3
34. bxc3 e5 35. dxe5 Kxe5 36. Kc5 f4 37. Nd4 fxe3 38. fxe3 Kf6 39. Kb6 g5 40.
Kc7 Bg4 41. g3 gxh4 42. gxh4 Ke5 43. Kb7 Kd5 44. Kxa6 Kc4 45. Kb7 Bd7 46. a6
Be8 47. Nc6 Kc5 48. Nb4 Kc4 49. a7 Kxc3 50. Na2+ 1-0

[Event "X Festival Sant'Anna A"]
[Site "Pisignano - Vernole ITA"]
[Date "2007.08.11"]
[Round "7"]
[White "Del Giudice, Stefano"]
[Black "Sernagiotto, Mirko Virgilio"]
[Result "1/2-1/2"]
[WhiteElo "2030"]
[BlackElo "2128"]
[PlyCount "58"]
[EventDate "2007.08.07"]

1. Nf3 g6 2. d4 Bg7 3. c3 c5 4. e4 cxd4 5. cxd4 d6 6. Nc3 Nc6 7. Be3 Bg4 8. Be2
e6 9. O-O Nge7 10. h3 Bxf3 11. Bxf3 O-O 12. Qd2 f5 13. d5 exd5 14. Nxd5 Ne5 15.
Bg5 N5c6 16. Rfe1 Qd7 17. Nxe7+ Nxe7 18. Bxe7 Qxe7 19. exf5 Qf6 20. fxg6 Qxg6
21. Qd5+ Kh8 22. Qe4 Qg5 23. Qg4 Qxg4 24. Bxg4 Rae8 25. Re6 Bxb2 26. Rxe8 Rxe8
27. Rb1 Bd4 28. Rxb7 Re1+ 29. Kh2 Bxf2 1/2-1/2

[Event "X Festival Sant'Anna A"]
[Site "Pisignano - Vernole ITA"]
[Date "2007.08.11"]
[Round "7"]
[White "Fasiello, Andrea"]
[Black "Fiorentino, Maria Cristina"]
[Result "1/2-1/2"]
[WhiteElo "1906"]
[BlackElo "1666"]
[PlyCount "21"]
[EventDate "2007.08.07"]

1. e4 c5 2. Nf3 d6 3. d4 cxd4 4. Nxd4 Nf6 5. Nc3 e6 6. Bd3 Be7 7. Be3 O-O 8.
O-O a6 9. f3 b5 10. a3 Bb7 11. Qd2 1/2-1/2

[Event "X Festival Sant'Anna A"]
[Site "Pisignano - Vernole ITA"]
[Date "2007.08.11"]
[Round "7"]
[White "Gissi, Gilberto"]
[Black "Patavia, Antonio"]
[Result "1-0"]
[WhiteElo "2085"]
[BlackElo "2079"]
[PlyCount "59"]
[EventDate "2007.08.07"]

1. Nc3 d5 2. d4 Nf6 3. Bg5 e6 4. e4 Be7 5. e5 Ng8 6. h4 Bxg5 7. hxg5 Qxg5 8.
Qd3 Nh6 9. Nh3 Qe7 10. O-O-O Nc6 11. Qg3 Nf5 12. Qf4 Qb4 13. Nb5 Qa5 14. g4 Nh6
15. Ng5 Nd8 16. Bd3 a6 17. Nc3 b5 18. Nxh7 Rxh7 19. Bxh7 b4 20. Nb1 Qxa2 21.
Qg5 a5 22. Qxg7 a4 23. Bd3 Ba6 24. Rxh6 a3 25. Rh8+ Kd7 26. bxa3 bxa3 27. Rxd8+
Rxd8 28. Qxf7+ Kc8 29. Qxe6+ Kb8 30. Qxa6 1-0

[Event "X Festival Sant'Anna A"]
[Site "Pisignano - Vernole ITA"]
[Date "2007.08.11"]
[Round "7"]
[White "Guido, Andrea"]
[Black "Fontanarosa, Luca"]
[Result "1-0"]
[WhiteElo "1808"]
[BlackElo "1817"]
[PlyCount "134"]
[EventDate "2007.08.07"]

1. d4 d5 2. c4 c6 3. Nf3 Nf6 4. cxd5 cxd5 5. Nc3 Nc6 6. Bf4 Bf5 7. e3 e6 8. Bb5
Nd7 9. Qa4 Rc8 10. Bxc6 Rxc6 11. Qxa7 Qc8 12. Qa5 Rb6 13. Nb5 Be7 14. O-O O-O
15. Rfc1 Rc6 16. Qd2 Qa8 17. Rxc6 bxc6 18. Nc3 Nb6 19. b3 Bb4 20. Ne5 Qa5 21.
Rc1 Rc8 22. g4 Bg6 23. Nxg6 hxg6 24. Rc2 f6 25. Qd3 Kf7 26. g5 c5 27. Bd6 c4
28. bxc4 Bxd6 29. c5 Bxc5 30. dxc5 Qxc5 31. Rb2 d4 32. Qxd4 Qxg5+ 33. Kf1 Qc5
34. Rxb6 Qxd4 35. exd4 Rxc3 36. Rb7+ Kg8 37. a4 Ra3 38. Ra7 Kh7 39. a5 Ra4 40.
a6 Rxd4 41. Re7 Rd6 42. a7 Ra6 43. Kg2 e5 44. Kf3 f5 45. h4 Ra3+ 46. Ke2 e4 47.
Kd2 Ra2+ 48. Kc3 Ra3+ 49. Kb4 Ra2 50. Kb5 Ra3 51. Kb6 Rb3+ 52. Kc7 Ra3 53. Kb8
Rb3+ 54. Rb7 Ra3 55. a8=Q Rxa8+ 56. Kxa8 Kh6 57. Rf7 Kh5 58. Rxg7 f4 59. Kb7 e3
60. fxe3 fxe3 61. Re7 Kxh4 62. Rxe3 g5 63. Kc6 g4 64. Kd5 g3 65. Ke4 g2 66. Re1
Kg4 67. Ke3 Kg3 1-0

[Event "X Festival Sant'Anna A"]
[Site "Pisignano - Vernole ITA"]
[Date "2007.08.11"]
[Round "7"]
[White "Laketic, Gojko"]
[Black "Naumkin, Igor"]
[Result "1/2-1/2"]
[WhiteElo "2430"]
[BlackElo "2490"]
[PlyCount "29"]
[EventDate "2007.08.07"]

1. d4 Nf6 2. c4 e6 3. Nc3 Bb4 4. e3 c5 5. Nge2 d5 6. a3 Bxc3+ 7. Nxc3 cxd4 8.
Qxd4 Nc6 9. Qd1 O-O 10. cxd5 exd5 11. Bd3 Qd6 12. h3 a6 13. O-O Re8 14. Bd2 Ne5
15. Be2 1/2-1/2

[Event "X Festival Sant'Anna A"]
[Site "Pisignano - Vernole ITA"]
[Date "2007.08.11"]
[Round "7"]
[White "Limongelli, Sergio"]
[Black "Bitossi, Massimo"]
[Result "0-1"]
[WhiteElo "1982"]
[BlackElo "1892"]
[PlyCount "76"]
[EventDate "2007.08.07"]

1. e4 Nf6 2. e5 Nd5 3. d4 d6 4. Nf3 Bg4 5. Be2 Nc6 6. O-O dxe5 7. dxe5 e6 8.
Re1 Be7 9. c3 O-O 10. Qb3 Nb6 11. Nbd2 Qd5 12. Nf1 Na5 13. Qd1 Rfd8 14. Nd4
Bxe2 15. Qxe2 Nc6 16. Nf3 h6 17. Ng3 Rd7 18. b3 Rad8 19. Bb2 Qa5 20. Qe4 Qd5
21. Qg4 Qd3 22. Re4 Qc2 23. Re2 Rd1+ 24. Rxd1 Rxd1+ 25. Ne1 Qb1 26. Qe4 Rxe1+
27. Rxe1 Qxb2 28. Nh5 Qxc3 29. h3 Qd2 30. Re2 Qd4 31. Qf3 Qa1+ 32. Kh2 Nxe5 33.
Qxb7 Bd6 34. g3 Nd5 35. Kg2 Qc3 36. Rxe5 Qxe5 37. Nf4 Nxf4+ 38. gxf4 Qd5+ 0-1

[Event "X Festival Sant'Anna A"]
[Site "Pisignano - Vernole ITA"]
[Date "2007.08.11"]
[Round "7"]
[White "Pace, Colin"]
[Black "De Giorgi, Stefano"]
[Result "1/2-1/2"]
[WhiteElo "2153"]
[BlackElo "2086"]
[PlyCount "118"]
[EventDate "2007.08.07"]

1. e4 e6 2. d4 d5 3. e5 c5 4. c3 Qb6 5. Nf3 Bd7 6. Be2 Bb5 7. O-O Bxe2 8. Qxe2
cxd4 9. cxd4 Nc6 10. Be3 Nge7 11. Nc3 Nf5 12. Rac1 a6 13. Qd3 h5 14. Nxd5 Qa5
15. Nc3 Rd8 16. Qc4 Be7 17. Rfd1 Nb4 18. a3 Nd5 19. Nxd5 exd5 20. Qb3 Nxe3 21.
Qxe3 Rh6 22. Ng5 Qb6 23. b4 h4 24. Nh3 Rg6 25. f4 Qe6 26. Qf3 Qf5 27. Rc7 Rc6
28. Rxc6 bxc6 29. Nf2 Kf8 30. Nd3 a5 31. bxa5 Bxa3 32. Ra1 Be7 33. a6 Ra8 34.
Qe2 Qe4 35. Qxe4 dxe4 36. Nc5 Bxc5 37. dxc5 Ke7 38. Kf2 Ke6 39. Ke3 Kd5 40. Ra5
f5 41. exf6 gxf6 42. g4 hxg3 43. hxg3 f5 44. a7 Kc4 45. g4 fxg4 46. Kxe4 Kb4
47. Ra1 Kxc5 48. f5 Kd6 49. Kf4 g3 50. Kxg3 Ke5 51. Kg4 c5 52. Ra6 c4 53. f6 c3
54. f7 Kd5 55. f8=Q Rxf8 56. a8=Q+ Rxa8 57. Rxa8 Ke4 58. Rc8 Kd3 59. Kf3 c2
1/2-1/2

[Event "X Festival Sant'Anna A"]
[Site "Pisignano - Vernole ITA"]
[Date "2007.08.11"]
[Round "7"]
[White "Quarta, Rocco"]
[Black "Vespe, Francesco"]
[Result "0-1"]
[WhiteElo "2061"]
[BlackElo "2058"]
[PlyCount "62"]
[EventDate "2007.08.07"]

1. d4 Nf6 2. c4 e5 3. e3 exd4 4. exd4 Bb4+ 5. Bd2 Bxd2+ 6. Nxd2 O-O 7. Bd3 Re8+
8. Ne2 d5 9. O-O Bg4 10. f3 Bh5 11. Nb3 Nc6 12. Nf4 Bg6 13. Nxg6 hxg6 14. Qd2
a5 15. a4 dxc4 16. Bxc4 Nd5 17. Rfe1 Qd6 18. Re4 Nf6 19. Ree1 g5 20. Bb5 Rxe1+
21. Rxe1 g4 22. fxg4 Nxg4 23. g3 Rd8 24. Bxc6 Qxc6 25. Qc3 Qxa4 26. Re7 Rd7 27.
Re8+ Kh7 28. Qf3 Nh6 29. Qe4+ f5 30. Qe6 Rd6 31. Qe3 Ng4 0-1

[Event "X Festival Sant'Anna A"]
[Site "Pisignano - Vernole ITA"]
[Date "2007.08.11"]
[Round "7"]
[White "Rizzo, Giovanbattista"]
[Black "Piscopo, Pierluigi"]
[Result "0-1"]
[WhiteElo "2112"]
[BlackElo "2392"]
[PlyCount "88"]
[EventDate "2007.08.07"]

1. d4 Nf6 2. c4 c5 3. d5 d6 4. Nc3 g6 5. e4 Bg7 6. f4 O-O 7. Nf3 Bg4 8. Be2 e6
9. O-O exd5 10. exd5 Bf5 11. Bd3 Bxd3 12. Qxd3 Qd7 13. f5 Na6 14. a3 Nc7 15.
Bg5 Rfe8 16. Bxf6 Bxf6 17. Ne4 Bg7 18. Nfg5 gxf5 19. Ng3 h6 20. Nh3 Re3 21. Qd1
Re5 22. Rf4 b5 23. b3 bxc4 24. bxc4 Rae8 25. Rb1 Re1+ 26. Qxe1 Rxe1+ 27. Rxe1
Be5 28. Nh5 Qa4 29. Rxf5 Qxc4 30. Ref1 Qxd5 31. Nf6+ Bxf6 32. Rxd5 Nxd5 33. Rd1
Bd4+ 34. Nf2 f5 35. Rb1 Ne3 36. Nd3 c4 37. Nb4 c3 38. Nd3 Nc4+ 39. Kh1 Nxa3 40.
Ra1 Nc4 41. Ra4 d5 42. g3 a5 43. Kg2 Bf6 44. h4 Nb2 0-1

[Event "X Festival Sant'Anna A"]
[Site "Pisignano - Vernole ITA"]
[Date "2007.08.11"]
[Round "7"]
[White "Sansonetti, Giorgio"]
[Black "Guccione, Daniele"]
[Result "1-0"]
[WhiteElo "2109"]
[BlackElo "1879"]
[PlyCount "113"]
[EventDate "2007.08.07"]

1. e4 e5 2. f4 exf4 3. Nf3 g5 4. Bc4 Bg7 5. d4 d6 6. c3 Nc6 7. O-O h6 8. g3 g4
9. Nh4 f3 10. Nd2 Nf6 11. b4 a6 12. Qb3 Qe7 13. Bb2 b5 14. Bd3 Be6 15. Qc2 Bd7
16. Rfe1 Nh5 17. Nf5 Qd8 18. Nxg7+ Nxg7 19. Nf1 Kf8 20. Ne3 h5 21. Kf2 h4 22.
Rh1 Qg5 23. Rag1 Ne7 24. Bc1 Qh5 25. Nf1 f5 26. Qd2 Ng6 27. Qg5 Qxg5 28. Bxg5
h3 29. Ne3 Rh5 30. exf5 Rxg5 31. fxg6 a5 32. Be4 Ra7 33. Ra1 axb4 34. cxb4 c5
35. dxc5 dxc5 36. bxc5 Rxc5 37. Rhd1 Be6 38. Rd2 b4 39. Rb1 Rca5 40. Rxb4 Rxa2
41. Rbb2 Rxb2 42. Rxb2 Ra1 43. Bb1 Ke7 44. Rb7+ Kf6 45. Rb6 Ke5 46. Rb5+ Kf6
47. Nc2 Ra6 48. Nd4 Bd7 49. Rb2 Nf5 50. Nxf5 Bxf5 51. g7 Be6 52. Rb7 Bd5 53.
Rb5 Bg8 54. Rb4 Be6 55. Rxg4 Rb6 56. g8=Q Bxg8 57. Rg6+ 1-0

[Event "X Festival Sant'Anna A"]
[Site "Pisignano - Vernole ITA"]
[Date "2007.08.11"]
[Round "7"]
[White "Sirena, Gianni"]
[Black "Dell'Anna, Michele"]
[Result "1/2-1/2"]
[WhiteElo "1806"]
[BlackElo "1858"]
[PlyCount "156"]
[EventDate "2007.08.07"]

1. e4 e6 2. d4 d5 3. Nd2 c5 4. Ngf3 Nc6 5. exd5 Qxd5 6. Bc4 Qd8 7. Nb3 cxd4 8.
Nfxd4 Nxd4 9. Qxd4 Qxd4 10. Nxd4 Bd7 11. Bf4 a6 12. O-O-O Bc5 13. f3 b5 14. Be2
Nf6 15. Nb3 Be7 16. Bd6 Bxd6 17. Rxd6 Ke7 18. Rd2 Rhc8 19. Na5 Rc7 20. Rhd1
Rac8 21. a3 Nd5 22. Bd3 b4 23. Be4 bxa3 24. bxa3 Ba4 25. Re1 Nc3 26. Bd3 Rb8
27. Rf2 Rb1+ 28. Kd2 Rxe1 29. Kxe1 Nb5 30. Bxb5 axb5 31. Kd1 Rc3 32. Rd2 Rxa3
33. Nc6+ Kf6 34. Kc1 Rc3 35. Nd4 h5 36. Kb2 Rc5 37. Ka3 Rd5 38. c4 Rd8 39. cxb5
Bxb5 40. Kb4 Be8 41. Kc3 e5 42. Nc2 Rxd2 43. Kxd2 h4 44. Ke3 Bc6 45. g3 hxg3
46. hxg3 Ba8 47. Ne1 Kf5 48. Ng2 f6 49. Kf2 Kg5 50. Ne3 g6 51. Nc4 Bc6 52. Ke3
Bd5 53. Nd6 Ba8 54. Nc4 Bc6 55. Nd6 Bd5 56. Ne8 f5 57. Nd6 Ba2 58. Nb5 Bb1 59.
Na3 Ba2 60. Nb5 Bb3 61. Nc3 Bc4 62. Kf2 Bd3 63. Ke3 Ba6 64. Nd5 Bb7 65. Nc3 Ba8
66. Kf2 e4 67. f4+ Kg4 68. Nd1 Bc6 69. Ne3+ Kh3 70. Nc4 Bb5 71. Ne5 Be8 72. Nc4
Kg4 73. Ne5+ Kh5 74. Ke3 Bb5 75. Kf2 g5 76. Ke3 Kh6 77. Nf7+ Kg6 78. Nxg5 Bc4
1/2-1/2

[Event "X Festival Sant'Anna A"]
[Site "Pisignano - Vernole ITA"]
[Date "2007.08.11"]
[Round "7"]
[White "Tocchioni, Doriano"]
[Black "Altini, Daniele"]
[Result "0-1"]
[WhiteElo "2261"]
[BlackElo "2281"]
[PlyCount "140"]
[EventDate "2007.08.07"]

1. d4 d6 2. e4 g6 3. Nc3 Bg7 4. Be3 a6 5. Qd2 Nd7 6. f3 h6 7. Nh3 e6 8. Nf2 b6
9. h4 Bb7 10. g4 Ne7 11. h5 g5 12. Be2 c5 13. O-O-O Nc6 14. dxc5 dxc5 15. f4
gxf4 16. Bxf4 Nd4 17. g5 hxg5 18. Bxg5 Qxg5 19. Qxg5 Bh6 20. Qxh6 Rxh6 21. Ng4
Rh8 22. Rh4 Nxe2+ 23. Nxe2 Bxe4 24. Rxd7 Kxd7 25. Nf6+ Ke7 26. Nxe4 f5 27. Nd2
Rag8 28. Nc4 b5 29. Ne5 Rg2 30. Nf4 Rg1+ 31. Kd2 Kf6 32. Nfg6 Rh7 33. Rh2 Rg5
34. Nf8 Rhxh5 35. Nfd7+ Ke7 36. Rxh5 Rxh5 37. Nxc5 Rh2+ 38. Kc3 a5 39. Ncd3 Kd6
40. a4 bxa4 41. Nc4+ Kc6 42. Nxa5+ Kb5 43. Nb7 Re2 44. Nd6+ Kc6 45. Nc4 Re4 46.
Nd2 Re3 47. Kd4 Re2 48. Nf3 Re4+ 49. Kc3 Kd6 50. Ng5 Re2 51. Nf4 Re1 52. Kd2
Rb1 53. Nd3 Ke7 54. Nf3 Kd6 55. c4 Rxb2+ 56. Kc3 Rb3+ 57. Kc2 Rb8 58. Nd4 Rf8
59. Nb5+ Ke7 60. Kc3 f4 61. Kd4 f3 62. Ke3 e5 63. Na3 Ke6 64. Nc5+ Kd6 65. Nxa4
e4 66. Nb5+ Ke5 67. Kf2 e3+ 68. Kf1 Rh8 69. Kg1 f2+ 70. Kf1 Rg8 0-1

[Event "C.to Europeo IBCA"]
[Site "Durham ENG"]
[Date "2007.08.14"]
[Round "1"]
[White "Meshkov, Yuri A."]
[Black "Fratini, Mauro"]
[Result "1-0"]
[WhiteElo "2418"]
[BlackElo "2011"]
[PlyCount "33"]
[EventDate "2007.08.14"]

1. e4 Nf6 2. e5 Nd5 3. d4 Nc6 4. Nc3 Nxc3 5. bxc3 d6 6. f4 e6 7. Nf3 dxe5 8.
fxe5 Be7 9. Bd3 Na5 10. O-O c5 11. Ng5 Bxg5 12. Qh5 Bf6 13. exf6 gxf6 14. Qh6
f5 15. Qg7 Kd7 16. Bb5+ Kc7 17. Qe5+ 1-0

[Event "C.to Europeo IBCA"]
[Site "Durham ENG"]
[Date "2007.08.18"]
[Round "5"]
[White "Sakic, Milutin"]
[Black "Fratini, Mauro"]
[Result "1-0"]
[WhiteElo "2163"]
[BlackElo "2011"]
[PlyCount "111"]
[EventDate "2007.08.14"]

1. e4 Nf6 2. e5 Nd5 3. Nf3 d6 4. d4 Bg4 5. Be2 Nc6 6. exd6 cxd6 7. O-O g6 8. c4
Nf6 9. b3 Bg7 10. Bb2 O-O 11. h3 Bf5 12. d5 Nb4 13. Na3 a5 14. g4 Bd7 15. Nc2
Nxc2 16. Qxc2 Qc8 17. Nd2 b5 18. Ne4 Nxe4 19. Bxg7 Kxg7 20. Qxe4 bxc4 21. Bxc4
e5 22. dxe6 fxe6 23. Qd4+ e5 24. Qxd6 Qe8 25. Rfe1 Rf6 26. Qxe5 Qxe5 27. Rxe5
Kf8 28. Rd1 Bc6 29. Re6 Rxe6 30. Bxe6 Re8 31. Bd5 Bd7 32. Bf3 Re7 33. Kh2 a4
34. bxa4 Bxa4 35. Rd8+ Kg7 36. Kg3 Ra7 37. Ra8 Rxa8 38. Bxa8 g5 39. f4 h6 40.
Bd5 Kf6 41. h4 Bc2 42. Bb3 Be4 43. a4 Bc6 44. a5 Bb5 45. Bd5 Ba6 46. hxg5+ hxg5
47. Kf3 Bc8 48. Kg3 Ba6 49. Bf3 gxf4+ 50. Kxf4 Ke6 51. Ke3 Kd6 52. Kd4 Bc8 53.
g5 Ke7 54. Be4 Kd6 55. g6 Ke7 56. Kc5 1-0

[Event "C.to Europeo IBCA"]
[Site "Durham ENG"]
[Date "2007.08.23"]
[Round "9"]
[White "Zoltek, Tadeusz"]
[Black "Fratini, Mauro"]
[Result "1-0"]
[WhiteElo "2237"]
[BlackElo "2011"]
[PlyCount "80"]
[EventDate "2007.08.14"]

1. c4 e5 2. Nc3 Nc6 3. g3 g6 4. Bg2 Bg7 5. d3 f5 6. e3 Nf6 7. Nge2 O-O 8. O-O
d6 9. Rb1 h6 10. b4 g5 11. b5 Ne7 12. f4 Qe8 13. a4 Nh5 14. Bd2 Nf6 15. a5 Qg6
16. Qb3 Kh8 17. Nd5 Nexd5 18. cxd5 h5 19. Qc2 gxf4 20. exf4 Rf7 21. fxe5 dxe5
22. d4 e4 23. Nf4 Qh7 24. Ne6 Ng4 25. Ng5 Bxd4+ 26. Kh1 Qg6 27. Nxf7+ Qxf7 28.
Bc3 Qg7 29. Bxd4 Qxd4 30. Qxc7 Qxd5 31. h3 Ne5 32. Qe7 Nd3 33. Qe8+ Kg7 34.
Qxh5 Bd7 35. g4 Rh8 36. Qg5+ Kf7 37. gxf5 Rg8 38. Qe3 Bxf5 39. Bxe4 Qe6 40.
Rxf5+ Ke8 1-0

[Event "I Festival Castelli Romani e Prenestini A"]
[Site "Rocca Priora ITA"]
[Date "2007.08.17"]
[Round "1"]
[White "Ottolini, Graziano"]
[Black "Blengino, Luca"]
[Result "1-0"]
[WhiteElo "2077"]
[BlackElo "1869"]
[PlyCount "49"]
[EventDate "2007.08.17"]

1. e4 c5 2. Nf3 d6 3. d4 cxd4 4. Nxd4 Nf6 5. Nc3 g6 6. Be3 Bg7 7. Bc4 O-O 8. f3
Nc6 9. Qd2 Bd7 10. O-O-O Rc8 11. Bb3 Ne5 12. Qe2 Qa5 13. Kb1 a6 14. Bd2 Qc7 15.
Bg5 e6 16. h4 h6 17. g4 hxg5 18. hxg5 Nfxg4 19. fxg4 Rfe8 20. Rh4 Nc4 21. Qf3
Ne5 22. Qf2 b5 23. Rdh1 Nc4 24. Rh7 Qd8 25. Qh4 1-0

[Event "I Festival Castelli Romani e Prenestini A"]
[Site "Rocca Priora ITA"]
[Date "2007.08.17"]
[Round "2"]
[White "Gromovs, Sergejs"]
[Black "Ottolini, Graziano"]
[Result "1-0"]
[WhiteElo "2368"]
[BlackElo "2077"]
[PlyCount "137"]
[EventDate "2007.08.17"]

1. d4 d5 2. Nf3 Nf6 3. c4 c6 4. Nc3 dxc4 5. a4 Bf5 6. Ne5 e6 7. Nxc4 Bb4 8. e3
a5 9. Be2 Nbd7 10. O-O O-O 11. f3 h6 12. e4 Bg6 13. Bf4 Nb6 14. Ne5 Bh7 15. Rc1
c5 16. dxc5 Bxc5+ 17. Kh1 Nh5 18. Nd3 Nxf4 19. Nxc5 Qg5 20. g3 Qxc5 21. Nd5
Qxc1 22. Ne7+ Kh8 23. Qxc1 Nxe2 24. Qe3 Nxg3+ 25. hxg3 Nd7 26. Rd1 Ne5 27. Qc3
f6 28. Rd6 Rfe8 29. Rxe6 Bg8 30. Rxe5 fxe5 31. Qxe5 Bb3 32. g4 Bxa4 33. b3 Bc6
34. g5 Rxe7 35. Qxe7 hxg5 36. Qxg5 a4 37. bxa4 Rxa4 38. Kg2 Ra1 39. Qe7 Rd1 40.
Kg3 Rg1+ 41. Kf4 Rg6 42. e5 Rh6 43. Kg4 Rg6+ 44. Kf5 Kh7 45. f4 Rh6 46. Kg5
Rg6+ 47. Kh4 Rh6+ 48. Kg3 Rg6+ 49. Kf2 Rg2+ 50. Ke3 Rg3+ 51. Kd4 Rg4 52. Qf7
Rh4 53. e6 Rh6 54. f5 Rf6 55. Qh5+ Rh6 56. Qg5 Rf6 57. Ke5 Rh6 58. Kd6 Rf6 59.
Ke5 Kg8 60. Qc1 Rh6 61. Qc4 Kf8 62. Kd6 Rf6 63. Ke5 Rh6 64. e7+ Kxe7 65. Qg8
Rf6 66. Qxg7+ Rf7 67. f6+ Ke8 68. Qg8+ Rf8 69. Qe6+ 1-0

[Event "I Festival Castelli Romani e Prenestini A"]
[Site "Rocca Priora ITA"]
[Date "2007.08.18"]
[Round "3"]
[White "Ottolini, Graziano"]
[Black "Molinari, Carlo"]
[Result "1/2-1/2"]
[WhiteElo "2077"]
[BlackElo "1826"]
[PlyCount "35"]
[EventDate "2007.08.17"]

1. e4 c5 2. Nf3 e6 3. c3 d5 4. exd5 exd5 5. d4 Nf6 6. Be2 Bd6 7. O-O O-O 8.
dxc5 Bxc5 9. Bg5 Be6 10. Nbd2 Nbd7 11. Nb3 Bb6 12. Nfd4 h6 13. Bf4 Nc5 14. Nxc5
Bxc5 15. Bf3 Rc8 16. Be3 Qd7 17. Re1 Rfe8 18. Be2 1/2-1/2

[Event "I Festival Castelli Romani e Prenestini A"]
[Site "Rocca Priora ITA"]
[Date "2007.08.18"]
[Round "4"]
[White "Russo, Roberto"]
[Black "Ottolini, Graziano"]
[Result "1/2-1/2"]
[WhiteElo "1826"]
[BlackElo "2077"]
[PlyCount "54"]
[EventDate "2007.08.17"]

1. e4 Nf6 2. e5 Nd5 3. Qf3 e6 4. Bc4 Nb6 5. Bb3 d5 6. d4 c5 7. c3 Nc6 8. Ne2
Qc7 9. Bd2 Na5 10. Bd1 Bd7 11. O-O Nbc4 12. b3 Nxd2 13. Nxd2 cxd4 14. cxd4 Bb5
15. Re1 Bb4 16. Qe3 Bxe2 17. Rxe2 Qc3 18. Rb1 Qxe3 19. fxe3 Rc8 20. Nf3 Ke7 21.
Rc2 Rxc2 22. Bxc2 Rc8 23. Bd1 Rc3 24. Kf2 Ba3 25. Ne1 Kd7 26. Nc2 Be7 27. Ke2
Rc8 1/2-1/2

[Event "I Festival Castelli Romani e Prenestini A"]
[Site "Rocca Priora ITA"]
[Date "2007.08.19"]
[Round "5"]
[White "Ottolini, Graziano"]
[Black "Guidi, Marco"]
[Result "1/2-1/2"]
[WhiteElo "2077"]
[BlackElo "1900"]
[PlyCount "38"]
[EventDate "2007.08.17"]

1. e4 Nf6 2. e5 Nd5 3. d4 d6 4. c4 Nb6 5. f4 dxe5 6. fxe5 Nc6 7. Be3 Bf5 8. Nc3
e6 9. Nf3 Bg4 10. Be2 Bxf3 11. gxf3 Qh4+ 12. Bf2 Qf4 13. c5 Nd5 14. Nxd5 exd5
15. Qb3 O-O-O 16. Be3 Qh4+ 17. Bf2 Qf4 18. Be3 Qh4+ 19. Bf2 Qf4 1/2-1/2

[Event "I Festival Castelli Romani e Prenestini A"]
[Site "Rocca Priora ITA"]
[Date "2007.08.18"]
[Round "4"]
[White "Parpinel, Marco"]
[Black "Andonov, Bogomil"]
[Result "0-1"]
[WhiteElo "2120"]
[BlackElo "2383"]
[PlyCount "55"]
[EventDate "2007.08.17"]

1. e4 c5 2. a3 Nc6 3. b4 cxb4 4. axb4 Nxb4 5. d4 d5 6. c3 Nc6 7. exd5 Qxd5 8.
Na3 Nf6 9. Nb5 Qd8 10. d5 Ne5 11. Bf4 Nfd7 12. Nf3 f6 13. Nfd4 Nb6 14. Bxe5
Nxd5 15. Bc4 g6 16. Bxd5 fxe5 17. Ne6 Bxe6 18. Bxe6 Bh6 19. Qxd8+ Rxd8 20. Rxa7
Kf8 21. Rxb7 Kg7 22. O-O Kf6 23. Bd7 Rb8 24. Rxb8 Rxb8 25. c4 Bd2 26. c5 Ba5
27. c6 Bd8 28. Rc1 0-1

[Event "I Trofeo UTE"]
[Site "Vigevano ITA"]
[Date "2007.06.20"]
[Round "1"]
[White "Brugo, Marco"]
[Black "Kidane, Robel"]
[Result "0-1"]
[WhiteElo "2125"]
[BlackElo "2123"]
[PlyCount "72"]
[EventDate "2007.06.20"]

1. d4 Nf6 2. c4 g6 3. Nc3 Bg7 4. e4 d6 5. Be2 O-O 6. Nf3 c6 7. Be3 Nbd7 8. Nd2
e5 9. d5 c5 10. O-O Re8 11. a3 Kh8 12. Nb5 Nf8 13. b4 b6 14. Rb1 Ng8 15. Qa4
Bd7 16. Qc2 Bc8 17. Qa4 f5 18. f4 Bd7 19. Qc2 Bxb5 20. cxb5 cxb4 21. Rxb4 Rc8
22. Rc4 Ne7 23. fxe5 Bxe5 24. Bg5 Rxc4 25. Bxc4 fxe4 26. Qxe4 Qc8 27. Bf6+ Bxf6
28. Rxf6 Nf5 29. Re6 Nxe6 30. dxe6 Qc5+ 31. Kh1 Qd4 32. Qe1 Qe5 33. Qxe5+ dxe5
34. Nf3 Rd8 35. Bb3 Nd4 36. Ng5 Rc8 0-1

[Event "I Trofeo UTE"]
[Site "Vigevano ITA"]
[Date "2007.06.20"]
[Round "1"]
[White "Damia, Angelo"]
[Black "Fornasir, Carlo Gustavo"]
[Result "1-0"]
[WhiteElo "2212"]
[BlackElo "1982"]
[PlyCount "37"]
[EventDate "2007.06.20"]

1. e4 e5 2. Nf3 Nc6 3. Nc3 Nf6 4. d4 exd4 5. Nxd4 Bb4 6. Nxc6 bxc6 7. Bd3 d5 8.
exd5 cxd5 9. Qe2+ Qe7 10. Qxe7+ Bxe7 11. Nb5 Kd8 12. Bf4 Ne8 13. O-O-O c6 14.
Nd4 Bd7 15. Rhe1 Nd6 16. Be5 Ne8 17. Ba6 Bd6 18. Bb7 Bxe5 19. Rxe5 1-0

[Event "I Trofeo UTE"]
[Site "Vigevano ITA"]
[Date "2007.06.20"]
[Round "1"]
[White "Massironi, Marco"]
[Black "Salmoiraghi, Angelo"]
[Result "1-0"]
[WhiteElo "2147"]
[BlackElo "2035"]
[PlyCount "49"]
[EventDate "2007.06.20"]

1. e4 Nc6 2. d4 d5 3. Nc3 dxe4 4. d5 Ne5 5. f4 exf3 6. Nxf3 Qd6 7. Nb5 Qb4+ 8.
Bd2 Qe4+ 9. Qe2 Nxf3+ 10. gxf3 Qh4+ 11. Qf2 Qxf2+ 12. Kxf2 Kd8 13. Bf4 Bf5 14.
Bxc7+ Kd7 15. Bf4 a6 16. Nd4 Bg6 17. Bh3+ Ke8 18. c4 Nf6 19. Rad1 Bh5 20. Rhe1
g5 21. Bxg5 Bg7 22. Nf5 Kf8 23. Nxg7 Kxg7 24. Rxe7 Rhe8 25. Rde1 1-0